| 000 | 00000nam##2200000za#4500 |
| 001 | 9.662752 |
| 003 | CaOODSP |
| 005 | 20200328165323 |
| 007 | ta |
| 008 | 150407|2000||||xxc||||| f|0| 0 fre|d |
| 020 | |a0-662-30155-2 |
| 040 | |aCaOODSP|bfre |
| 041 | |aeng |
| 041 | |afre |
| 043 | |an-cn--- |
| 086 | 1 |aE2-241/2000 |
| 110 | 1 |aCanada.|bAffaires étrangères et Commerce international. |bCentre canadien pour le développement de la politique étrangère. |
| 245 | 10|aDeuxième Séminaire annuel des étudiants diplômés: le rôle des ONG et de la société civile et les efforts humanitaires : |brecueil des communications |
| 260 | |aOttawa - Ontario : |bAffaires étrangères et Commerce international. |c2002. |
| 300 | |a230p. : |bill., cartes ; |c28 cm. |
| 504 | |aBibliographie. |
| 546 | |aBiographies et sommaires en français et en anglais. Articles en leur langue originale. |
| 563 | |aReliure à anneaux |
| 590 | |a02-34|b2002-08-23 |
| 691 | 07|aAide humanitaire|2gcpds |
| 691 | 07|aConflit|2gcpds |
| 691 | 07|aOrganisme non gouvernemental|2gcpds |
| 776 | 0#|tThe 2nd Annual Graduate Student Seminar: The Role of NGOs and Civil Society in Conflict and Humanitarian Efforts, April 30 - May 5, 2000 (Ottawa, Ontario) : |w(CaOODSP)9.674287 |
| 791 | |tThe 2nd Annual Graduate Student Seminar: the role of NGO's and civil society in conflict and humanitarian efforts : |eeng|w(CaOODSP)9.662751 |